000 004860000a22001810004500
003 MACL
005 20160122160524.0
008 160122b xxu||||| |||| 00| 0 eng d
040 _aMACL
_cMACL
041 _aEnglish
082 _a530.1/PAN
100 _aPandey, DC
_934148
245 _aObjective Approach To Physics Volume 1
_bMechanics Waves Thermodynamics
260 _bArihant Prakashan, Meerut
_aMeerut
350 _a425
650 _aPhysics
_934150
942 _cBK
_k530/PAN
_2ddc
999 _c44729
_d44729